Famous Foursomes (Children's Lit) Quiz Stats

 Plays Quiz Updated Feb 14, 2012

Also try: Famous Foursomes
Challenge
Share
Tweet
Embed
Score 0/60 Timer 08:00
0 Plays Today
Foursomes Answers % Correct
Yellow Brick Road Companions (Wizard of Oz)The Cowardly Lion
92.4%
Yellow Brick Road Companions (Wizard of Oz)The Tin Man
92.3%
Pevensie children (Chronicles of Narnia)Peter
91.3%
Rabbit siblings (Beatrix Potter)Peter Rabbit
91.1%
Yellow Brick Road Companions (Wizard of Oz)The Scarecrow
91.1%
Yellow Brick Road Companions (Wizard of Oz)Dorothy Gale
86%
Houses at Hogwarts (Harry Potter)Slytherin
83.7%
Houses at Hogwarts (Harry Potter)Hufflepuff
83.1%
Titular description of fish (Dr. Seuss)Red Fish
81.5%
Titular description of fish (Dr. Seuss)Blue Fish
81.5%
Houses at Hogwarts (Harry Potter)Ravenclaw
79.9%
Houses at Hogwarts (Harry Potter)Gryffindor
78.8%
Children who fly to Neverland (J. M. Barrie)Wendy Darling
78.6%
Titular description of fish (Dr. Seuss)Two Fish
78%
Titular description of fish (Dr. Seuss)One Fish
78%
March sisters (Little Women)Jo
75.5%
Pevensie children (Chronicles of Narnia)Lucy
67.2%
Children who fly to Neverland (J. M. Barrie)Michael Darling
66.9%
Children other than Charlie (Charlie and the Chocolate Factory)Violet Beauregarde
62.2%
Alden children (The Boxcar Children)Violet
61.7%
Children other than Charlie (Charlie and the Chocolate Factory)Augustus Gloop
58.5%
Children other than Charlie (Charlie and the Chocolate Factory)Mike Teavee
57.1%
Children other than Charlie (Charlie and the Chocolate Factory)Veruca Salt
56.7%
Pevensie children (Chronicles of Narnia)Edmund
56.6%
Pevensie children (Chronicles of Narnia)Susan
56.4%
Children who fly to Neverland (J. M. Barrie)John Darling
55.1%
March sisters (Little Women)Beth
50.9%
Children who fly to Neverland (J. M. Barrie)Peter Pan
50.6%
March sisters (Little Women)Meg
44.6%
Murry Children (A Wrinkle in Time)Meg
44.5%
Foursomes Answers % Correct
March sisters (Little Women)Amy
43.2%
Gifts from the Tree (The Giving Tree)Apples
36.1%
Gifts from the Tree (The Giving Tree)Trunk
33.1%
Rabbit siblings (Beatrix Potter)Flopsy
31.4%
Rabbit siblings (Beatrix Potter)Mopsy
31.2%
Gifts from the Tree (The Giving Tree)A place to sit and rest
30.1%
Rabbit siblings (Beatrix Potter)Cottontail
29.6%
Gifts from the Tree (The Giving Tree)Branches
29.4%
Titular descriptions of Alexander’s day (Judith Viorst book)No Good
29.3%
Titular descriptions of Alexander’s day (Judith Viorst book)Horrible
29.3%
Titular descriptions of Alexander’s day (Judith Viorst book)Terrible
27.9%
Titular descriptions of Alexander’s day (Judith Viorst book)Very Bad
27.7%
Original members of BSC (The Baby-Sitters Club)Kristy Thomas
21.2%
Original members of BSC (The Baby-Sitters Club)Claudia Kishi
16.3%
Original members of BSC (The Baby-Sitters Club)Stacey McGill
16.1%
Original members of BSC (The Baby-Sitters Club)Mary Anne Spier
14.6%
Alden children (The Boxcar Children)Benny
12.9%
Tillerman children (Cynthia Voigt's Tillerman cycle, starting with Homecoming)James
12.9%
Alden children (The Boxcar Children)Henry
11.4%
Tillerman children (Cynthia Voigt's Tillerman cycle, starting with Homecoming)Sammy
11.3%
Alden children (The Boxcar Children)Jessie
10.8%
Names used by the same person (The Westing Game)Sandy McSouthers
10%
Murry Children (A Wrinkle in Time)Charles Wallace
9.8%
Names used by the same person (The Westing Game)Samuel Westing
9.4%
Murry Children (A Wrinkle in Time)Sandy
9%
Murry Children (A Wrinkle in Time)Dennys
6.8%
Names used by the same person (The Westing Game)Julian Eastman
6%
Names used by the same person (The Westing Game)Barney Northrup
5.4%
Tillerman children (Cynthia Voigt's Tillerman cycle, starting with Homecoming)Maybeth
4.9%
Tillerman children (Cynthia Voigt's Tillerman cycle, starting with Homecoming)Dicey
4.1%

You're not logged in!

Compare scores with friends on all Sporcle quizzes.
OR
Log In

You Might Also Like...

Show Comments

Extras

Top Quizzes Today


Score Distribution

Your Account Isn't Verified!

In order to create a playlist on Sporcle, you need to verify the email address you used during registration. Go to your Sporcle Settings to finish the process.

Report this User

Report this user for behavior that violates our Community Guidelines.

Details: